000 004220000a22001690004500
003 MACL
005 20160101122814.0
008 160101b xxu||||| |||| 00| 0 eng d
040 _aMACL
_cMACL
041 _aEnglish
082 _a377/GOU
100 _aGould, F J
_926230
245 _aThe Childrens Book of Moral Lessons
260 _bWatts & co
_c1913
_aLondon
650 _aEducation
_926231
942 _cBK
_k377/GOU
_2ddc
999 _c37902
_d37902